Investigación del comportamiento
Salvato in:
| Autori principali: | , |
|---|---|
| Natura: | Libro |
| Lingua: | spagnolo |
| Pubblicazione: |
Ciudad de México
McGraw-Hill
2002
|
| Edizione: | 4a. ed |
| Soggetti: | |
| Tags: |
Aggiungi Tag
Nessun Tag, puoi essere il primo ad aggiungerne!!
|
MARC
| LEADER | 00000nam a2200000 a 4500 | ||
|---|---|---|---|
| 001 | UCM8621 | ||
| 003 | CL-VaPUC | ||
| 008 | 030321e20020000MX |||||||||||||||||spa|d | ||
| 020 | |a 9701030702 | ||
| 082 | 0 | 4 | |a 150.194 |b KER |2 21 |
| 100 | |a Kerlinger, Fred Nichols |e author |9 474705 | ||
| 700 | 0 | |a Lee, Howard B |e author |9 474706 | |
| 245 | 1 | 0 | |a Investigación del comportamiento |
| 250 | |a 4a. ed | ||
| 300 | |a 810 p | ||
| 942 | |c BK | ||
| 945 | |d 20030321 00:00:00 |a cmena | ||
| 260 | |a Ciudad de México |b McGraw-Hill |c 2002 | ||
| 650 | 0 | |a Métodos de investigación |9 262618 | |
| 650 | 0 | |a Procesos mentales superiores |9 330839 | |
| 650 | 0 | |a Conducta humana |9 269906 | |
| 650 | 0 | |a Psicología |9 257863 | |
| 650 | 0 | |a Métodos estadísticos |9 259407 | |
| 583 | |a last modification |c 20160307 12:57:43 |k Rodrigo Vera | ||
| 999 | |c 303081 |d 303079 | ||
| 952 | |0 0 |1 0 |4 0 |6 150_194000000000000_KER_2002 |7 0 |8 R |9 364049 |a BIBEDU |b BIBEDU |d 2019-11-21 |i 3884740 |o 150.194 KER 2002 |p 3884740 |r 2019-11-21 |w 2019-11-21 |y BK_R |k PSI | ||
| 952 | |0 0 |1 0 |2 ddc |4 0 |6 150_194000000000000_KER_2002 |7 0 |8 A |9 364050 |a BIBCUR |b BIBCUR |c GEN |d 2019-11-21 |i 3889157 |o 150.194 KER 2002 |p 3889157 |r 2025-04-22 |w 2019-11-21 |y BK |k CIM | ||
| 952 | |0 0 |1 0 |4 0 |6 150_194000000000000_KER_2002 |7 0 |8 R |9 364051 |a BIBENE |b BIBENE |d 2019-11-21 |i 3897788 |o 150.194 KER 2002 |p 3897788 |r 2025-01-15 |w 2019-11-21 |y BK_R |k ICO | ||
| 952 | |0 0 |1 0 |4 0 |6 150_194000000000000_KER_2002 |7 0 |8 A |9 364052 |a FDOPOS |b FDOPOS |d 2019-11-21 |i 3912760 |o 150.194 KER 2002 |p 3912760 |r 2025-01-22 |w 2019-11-21 |y BK |k MLA | ||
| 952 | |0 0 |1 0 |4 0 |6 150_194000000000000_KER_2002 |7 0 |8 A |9 364053 |a FDOPOS |b FDOPOS |d 2019-11-21 |i 3970914 |o 150.194 KER 2002 |p 3970914 |r 2025-01-22 |w 2019-11-21 |y BK |k MLA | ||
| 952 | |0 0 |1 0 |4 0 |6 150_194000000000000_KER_2002 |7 0 |8 A |9 364054 |a BIBING |b BIBING |d 2019-11-21 |i 4007425 |o 150.194 KER 2002 |p 4007425 |r 2025-01-20 |w 2019-11-21 |y BK |k GEO | ||
| 952 | |0 0 |1 0 |4 0 |6 150_194000000000000_KER_2002 |7 0 |8 A |9 364055 |a BIBCUR |b BIBCUR |d 2019-11-21 |i 4735013 |o 150.194 KER 2002 |p 4735013 |r 2025-04-22 |w 2019-11-21 |y BK |k QUI | ||
| 952 | |0 0 |1 0 |4 0 |6 150_194000000000000_KER_2002 |7 0 |8 A |9 364056 |a BIBCUR |b BIBCUR |d 2019-11-21 |i 4735021 |o 150.194 KER 2002 |p 4735021 |r 2025-04-22 |w 2019-11-21 |y BK |k QUI | ||